West Asian Flags - Sudden Death - Statistics

General Stats
  • This quiz has been taken 210 times
    8 since last reset
  • The average score is 4 of 20
Answers on the Grid
Answers color-coded by a green-red scale on the quiz's grid according to % correct below.
 
Answer Stats
Answer % Correct
Georgia
50%
Bahrain
50%
Qatar
50%
Kuwait
50%
Saudi Arabia
25%
Armenia
25%
Iran
25%
United Arab Emirates
25%
Azerbaijan
25%
Oman
25%
Palestine
0%
Syria
0%
Lebanon
0%
Yemen
0%
Türkiye
0%
Jordan
0%
Cyprus
0%
Israel
0%
Iraq
0%
Egypt
0%
No matching quizzes found
Score Distribution
Percent of People with Each Score
Percentile by Number Answered
Your Score History
You have not taken this quiz since the last reset